Statistiken für Allgemeinwissen - Einfach #7

Klicken Sie hier um das Quiz zu spielen!

Allgemein

  • Dieses Quiz wurde 62.154 mal gespielt
  • Das Durchschnittsergebnis liegt bei 15 aus 20

Antwortstatistiken

FrageAntwort% Korrekt
Welche Art Kreatur mag keinen Knoblauch, Sonnenlicht oder spitze Gegenstände aus Holz?Vampir
97%
Welches Tier heißt mit zwei Höckern Trampeltier und mit einem Höcker Dromedar?Kamel
95%
Was grenzt an England und ist für Dudelsäcke und Kilts bekannt?Schottland
95%
Welche Figur kommt im Schach am häufigsten vor?Bauer
93%
Welches Tier ernährt sich zu 99% von Bambus?Großer Panda
93%
Welche Firma wurde von Mark Zuckerberg gegründet?Facebook
90%
Wie viele Sterne befinden sich auf der Flagge der USA?50
89%
Welcher englische Sagenheld hatte Pfeil und Bogen, stahl von den Reichen und gab die Beute den Armen?Robin Hood
87%
Wie heißt der aktuelle König des Vereinigten Königreichs?Charles III
86%
Kanada hat zwei Amtssprachen, Englisch und welche?Französisch
85%
Eine Gruppe von Fischen oder Vögeln wird als Schwarm bezeichnet - wie heißt eine Gruppe von Säugetieren (in den meisten Fällen)?Herde oder Rudel
85%
Aus welchem Land stammen die Fußballer Ronaldo und Ronaldinho?Brasilien
80%
Was besteht aus Sand und reimt sich auf Bühne?Düne
79%
Als was ist NaCl besser bekannt?Kochsalz
78%
Mithilfe von welchem Element werden die meisten Atomkraftwerke betrieben?Uran
70%
Wie heißt die größte Vogelart?Strauß
65%
Clark Kent zieht sich in einer Telefonzelle um und verwandelt sich in wen?Superman
65%
Wie heißt der höchste Dienstgrad der deutschen, österreichischen und schweizerischen Armee?General
51%
Von welchem dänischen Autor stammen u.a. die Märchen "Des Kaisers neue Kleider", "Die Prinzessin auf der Erbse" und "Die kleine Meerjungfrau"?Hans Christian Andersen
25%
Wer spielte die Kaiserin Elisabeth in der Sissi-Trilogie in den 50er-Jahren (nach ihr wurde auch der österreichische Filmpreis benannt)?Romy Schneider
19%

Verteilung der Resultate

Perzentil nach korrekt beantworteten Fragen

Anzahl Personen mit jedem Resultat

Ihre Resultats-Entwicklung

Sie haben dieses Quiz noch nicht gespielt